[Event "80th Tata Steel Challengers 2018"]
[Site "Wijk aan Zee"]
[Date "2018.01.15"]
[Round "3"]
[White "Tari, Aryan"]
[Black "Gordievsky, Dmitry"]
[Result "1/2-1/2"]
[WhiteElo "2599"]
[BlackElo "2622"]
[Annotator "TA"]
[PlyCount "85"]
[EventDate "2018.??.??"]
[EventType "tourn"]
[EventCountry "NED"]
[SourceTitle "playchess.com"]
[Source "ChessBase"]
[SourceQuality "1"]

1. d4 Nf6 2. c4 g6 3. Nc3 d5 4. Nf3 Bg7 5. h4 O-O 6. cxd5 Nxd5 7. h5 c5 8. hxg6 hxg6 9. Bh6 Bxh6 10. Rxh6 Nxc3 11. bxc3 cxd4 12. Qd2 Kg7 13. Rh4 Rh8 14. Rxh8 Qxh8 15. cxd4 Nc6 16. d5 Kg8 17. Rc1 Ne5 18. Qc3 Nxf3+ 19. gxf3 Qh1 20. e4 Bd7 21. Kd2 Rc8 22. Be2 Qxc1+ 23. Qxc1 Rxc1 24. Kxc1 g5 25. Kd2 e5 26. dxe6 fxe6 27. e5 Bc6 28. Ke3 a5 29. f4 gxf4+ 30. Kxf4 b5 31. Ke3 b4 32. Kd2 a4 33. a3 bxa3 34. Kc1 Be4 35. Bb5 Kf7 36. Bxa4 Kg6 37. Bd7 Kf5 38. f4 Bd3 39. Bc8 Kxf4 40. Bxe6 Kxe5 41. Bc4 Be4 42. Bg8 Kd4 43. Kd2 1/2-1/2

[Event "80th Tata Steel Challengers 2018"]
[Site "Wijk aan Zee"]
[Date "2018.01.15"]
[Round "3"]
[White "Harika, Dronavalli"]
[Black "L'Ami, Erwin"]
[Result "1/2-1/2"]
[WhiteElo "2497"]
[BlackElo "2634"]
[Annotator "TA"]
[PlyCount "83"]
[EventDate "2018.??.??"]
[EventType "tourn"]
[EventCountry "NED"]
[SourceTitle "playchess.com"]
[Source "ChessBase"]
[SourceQuality "1"]

1. e4 Nf6 2. e5 Nd5 3. d4 Nb6 4. c4 d5 5. c5 N6d7 6. Nc3 Nc6 7. e6 fxe6 8. f4 g6 9. Nf3 Bg7 10. Bb5 Ndb8 11. h4 b6 12. cxb6 axb6 13. h5 Ba6 14. Qe2 Kd7 15. Bd2 Qg8 16. h6 Bf6 17. g4 Kc8 18. Be3 Qf7 19. g5 Kb7 20. gxf6 exf6 21. a3 Ne7 22. O-O-O Nf5 23. Bf2 Nd6 24. Bxa6+ Rxa6 25. Kb1 Nc6 26. Rc1 Na7 27. Nd2 Re8 28. Rh3 Qd7 29. Qf1 Ra5 30. Nb3 Ra6 31. Nd2 Ra5 32. Bh4 Rf8 33. Be1 Ra8 34. Bh4 Rf8 35. Qg2 Nc6 36. Bf2 Rfa8 37. Rd3 Ne7 38. Qf3 Nef5 39. Qh1 Kc8 40. Rh3 Kd8 41. Na2 Nb5 42. Rd3 1/2-1/2

[Event "80th Tata Steel Challengers 2018"]
[Site "Wijk aan Zee"]
[Date "2018.01.15"]
[Round "3"]
[White "Girya, Olga"]
[Black "Xiong, Jeffery"]
[Result "1/2-1/2"]
[WhiteElo "2489"]
[BlackElo "2634"]
[Annotator "TA"]
[PlyCount "160"]
[EventDate "2018.??.??"]
[EventType "tourn"]
[EventCountry "NED"]
[SourceTitle "playchess.com"]
[Source "ChessBase"]
[SourceQuality "1"]

1. d4 d5 2. Nf3 Nf6 3. c4 dxc4 4. e3 e6 5. Bxc4 a6 6. O-O c5 7. b3 Nc6 8. Bb2 cxd4 9. Nxd4 Bd7 10. Nf3 Be7 11. Nbd2 O-O 12. Rc1 Rc8 13. Qe2 Qc7 14. Bd3 Qb8 15. Nc4 Rfd8 16. Nb6 Rc7 17. Ng5 Be8 18. f4 h6 19. Ne4 Nxe4 20. Bxe4 Qa7 21. Nc4 b5 22. Ne5 Bc5 23. Bxc6 Bxe3+ 24. Kh1 Bxc1 25. Bxe8 Bxb2 26. Bxf7+ Rxf7 27. Nxf7 Qxf7 28. Qxb2 Qxf4 29. Qe2 Qd6 30. h3 Rf8 31. Rd1 Qc6 32. Re1 Rf6 33. Rd1 Kh7 34. Qd3+ Kg8 35. Qe2 Rg6 36. Rd2 Qc1+ 37. Rd1 Qf4 38. Rf1 Qg5 39. Qe4 Kh7 40. Rd1 Qf5 41. Qe3 Qc2 42. Rd2 Qc1+ 43. Kh2 e5 44. Re2 Qxe3 45. Rxe3 Re6 46. Kg3 Kg6 47. Kf3 Kf5 48. Rc3 Rd6 49. g4+ Kg5 50. Ke4 Rd2 51. a4 bxa4 52. bxa4 Re2+ 53. Kf3 Ra2 54. Kg3 Rxa4 55. h4+ Kf6 56. Rc6+ Kf7 57. Rc7+ Kg8 58. Rc8+ Kh7 59. Re8 e4 60. h5 a5 61. g5 hxg5 62. Kg4 Rb4 63. Kxg5 Rb5+ 64. Kg4 a4 65. Ra8 e3 66. Rxa4 e2 67. Ra1 Ra5 68. Re1 Ra2 69. Kf4 Kh6 70. Kf5 Rd2 71. Kg4 Rb2 72. Kf5 Rb5+ 73. Kf4 Rb2 74. Kf5 Rb5+ 75. Kf4 Rb4+ 76. Kf3 Rb2 77. Kg4 Ra2 78. Kf5 Ra4 79. Rxe2 Kxh5 80. Rh2+ Rh4 1/2-1/2

[Event "82nd Tata Steel Masters 2020"]
[Site "Wijk aan Zee"]
[Date "2020.01.13"]
[Round "3.1"]
[White "Carlsen, Magnus"]
[Black "Xiong, Jeffery"]
[Result "1/2-1/2"]
[WhiteElo "2872"]
[BlackElo "2712"]
[Annotator "TA"]
[PlyCount "112"]
[EventDate "2020.01.11"]
[EventType "tourn"]
[EventCountry "NED"]
[SourceTitle "playchess.com"]
[Source "ChessBase"]
[SourceQuality "1"]

1. d4 Nf6 2. c4 e6 3. Nf3 d5 4. Nc3 c5 5. cxd5 Nxd5 6. e4 Nxc3 7. bxc3 cxd4 8. cxd4 Bb4+ 9. Bd2 Bxd2+ 10. Qxd2 O-O 11. Bd3 Nc6 12. Bc2 Qe7 13. O-O Rd8 14. Qe3 b6 15. Rfd1 Bb7 16. Rac1 Rac8 17. h4 Na5 18. Bd3 h6 19. g4 Nc6 20. Bb1 Qd7 21. Kh2 Qd6+ 22. Kg1 Na5 23. Bd3 Rxc1 24. Rxc1 Nc6 25. Bb5 Nxd4 26. Qxd4 Qxd4 27. Nxd4 Rxd4 28. f3 a6 29. Bf1 Rd7 30. a4 Kf8 31. Kf2 Ke7 32. Rb1 Rd6 33. e5 Rc6 34. Bd3 g5 35. h5 Bc8 36. Ke3 Rc5 37. f4 Ra5 38. Rxb6 gxf4+ 39. Kxf4 Rxa4+ 40. Kf3 Ra3 41. Ke4 f6 42. Rb8 Bd7 43. Rb7 fxe5 44. g5 hxg5 45. h6 Kd6 46. Rb6+ Bc6+ 47. Rxc6+ Kxc6 48. h7 Ra4+ 49. Kxe5 Rh4 50. Kf6 g4 51. Kg5 Rh2 52. Kxg4 Kd5 53. Bg6 Rh6 54. Kg5 Rxh7 55. Bxh7 e5 56. Kg4 Kd4 1/2-1/2

[Event "83rd Tata Steel Masters 2021"]
[Site "Wijk aan Zee"]
[Date "2021.01.18"]
[Round "3.1"]
[White "Carlsen, Magnus"]
[Black "Tari, Aryan"]
[Result "1/2-1/2"]
[WhiteElo "2862"]
[BlackElo "2625"]
[Annotator "TA"]
[PlyCount "111"]
[EventDate "2021.01.16"]
[EventType "tourn"]
[EventCountry "NED"]
[SourceTitle "playchess.com"]
[Source "ChessBase"]
[SourceQuality "1"]

1. d4 Nf6 2. c4 e6 3. Nf3 d5 4. Nc3 c5 5. cxd5 cxd4 6. Qxd4 exd5 7. e4 dxe4 8. Qxd8+ Kxd8 9. Ng5 Be6 10. Nxe6+ fxe6 11. Bg5 Nc6 12. O-O-O+ Ke8 13. Bb5 Rc8 14. Kb1 Bb4 15. Bxf6 gxf6 16. Nxe4 f5 17. Ng5 Ke7 18. a3 Ba5 19. f4 h6 20. Nf3 Rhd8 21. Rxd8 Nxd8 22. Rd1 Rc7 23. Ne5 a6 24. Be2 Bb6 25. Ng6+ Ke8 26. Bh5 Nc6 27. g4 fxg4 28. Rd6 Kf7 29. f5 Kf6 30. fxe6 Kg5 31. Rd5+ Kf6 32. Nf4 Be3 33. Ng2 Bg5 34. Bxg4 Ne5 35. Bh3 h5 36. Ka2 Re7 37. Ne1 Bf4 38. Nf3 Nxf3 39. Rf5+ Kg6 40. Rxf4 Nxh2 41. Kb3 Ng4 42. Bxg4 hxg4 43. Rxg4+ Kf5 44. Rb4 Kxe6 45. Rb6+ Kf7 46. Kb4 Ke8 47. Rd6 Rd7 48. Kc5 Rxd6 49. Kxd6 Kd8 50. b4 Kc8 51. a4 Kd8 52. b5 axb5 53. axb5 Kc8 54. b6 Kb8 55. Kd7 Ka8 56. Kc7 1/2-1/2

[Event "85th Tata Steel Masters 2023"]
[Site "Wijk aan Zee"]
[Date "2023.01.16"]
[Round "3.1"]
[White "Carlsen, Magnus"]
[Black "Ding, Liren"]
[Result "1/2-1/2"]
[WhiteElo "2859"]
[BlackElo "2811"]
[Annotator "TA"]
[PlyCount "73"]
[EventDate "2023.01.10"]
[EventType "tourn"]
[EventCountry "NED"]
[SourceTitle "playchess.com"]
[Source "ChessBase"]
[SourceQuality "1"]

1. d4 Nf6 2. Nf3 d5 3. Bf4 c5 4. e3 e6 5. c3 Bd6 6. Bb5+ Nc6 7. Bxc6+ bxc6 8. Bxd6 Qxd6 9. Qa4 O-O 10. O-O cxd4 11. cxd4 c5 12. Rc1 c4 13. b3 Bd7 14. Qa5 cxb3 15. axb3 Rfb8 16. Nbd2 Rb5 17. Qc7 Ne8 18. Qxd6 Nxd6 19. Ne5 Be8 20. Nd3 a5 21. f3 Rb7 22. Ra2 Rba7 23. Kf2 a4 24. Rca1 Nc8 25. h4 Kf8 26. g4 axb3 27. Rxa7 Rxa7 28. Rxa7 Nxa7 29. Nxb3 Nb5 30. Nbc5 Ke7 31. Nf4 h6 32. g5 hxg5 33. hxg5 Nc7 34. Nh5 Kf8 35. Nf4 Ke7 36. Nh5 Kf8 37. Nf4 1/2-1/2

[Event "84th Tata Steel Masters 2022"]
[Site "Wijk aan Zee"]
[Date "2022.01.17"]
[Round "3.1"]
[White "Duda, Jan-Krzysztof"]
[Black "Carlsen, Magnus"]
[Result "1/2-1/2"]
[WhiteElo "2760"]
[BlackElo "2856"]
[Annotator "TA"]
[PlyCount "75"]
[EventDate "2022.01.15"]
[EventType "tourn"]
[EventCountry "NED"]
[SourceTitle "playchess.com"]
[Source "ChessBase"]
[SourceQuality "1"]

1. e4 e5 2. Nf3 Nc6 3. Bb5 a6 4. Ba4 Nf6 5. O-O Be7 6. Re1 b5 7. Bb3 O-O 8. a4 Rb8 9. axb5 axb5 10. h3 d6 11. c3 b4 12. d3 bxc3 13. bxc3 h6 14. Be3 Re8 15. Nbd2 Bf8 16. Qc2 Be6 17. Bxe6 Rxe6 18. d4 exd4 19. Nxd4 Nxd4 20. cxd4 Qe8 21. d5 Re7 22. Ra4 Rb2 23. Qxb2 Qxa4 24. Bd4 Nh5 25. Ra1 Qd7 26. Qc3 Nf4 27. Qf3 Ng6 28. Rc1 Qa4 29. Qd3 f5 30. g3 fxe4 31. Nxe4 Qe8 32. Nc3 Re1+ 33. Rxe1 Qxe1+ 34. Kg2 Qe8 35. Qb5 Qc8 36. Qd3 Ne7 37. Qe4 c6 38. dxc6 1/2-1/2

[Event "85th Tata Steel Challengers 2023"]
[Site "Wijk aan Zee"]
[Date "2023.01.16"]
[Round "3.1"]
[White "Mishra, Abhimanyu"]
[Black "Ivic, Velimir"]
[Result "0-1"]
[WhiteElo "2559"]
[BlackElo "2585"]
[Annotator "TA"]
[PlyCount "96"]
[EventDate "2023.01.10"]
[EventType "tourn"]
[EventCountry "NED"]
[SourceTitle "playchess.com"]
[Source "ChessBase"]
[SourceQuality "1"]

1. d4 d5 2. Nf3 Nf6 3. c4 c6 4. e3 Bg4 5. Nc3 e6 6. h3 Bh5 7. g4 Bg6 8. Ne5 Nbd7 9. Nxg6 hxg6 10. Bd2 Bb4 11. cxd5 exd5 12. Bd3 Qe7 13. a3 Bxc3 14. Bxc3 a5 15. Qe2 Ne4 16. Kf1 f5 17. Kg2 O-O 18. f3 Nd6 19. Be1 Rfe8 20. Bf2 a4 21. Rhe1 Nb6 22. Bg3 Nbc4 23. Bf4 b5 24. g5 Qf7 25. Qf2 Re6 26. Re2 Rae8 27. h4 R6e7 28. Rae1 Nb7 29. e4 fxe4 30. fxe4 Rf8 31. Bxc4 bxc4 32. Be5 Qe6 33. Qe3 Nc5 34. Bxg7 Rxg7 35. dxc5 d4 36. Qh3 Qe5 37. Qg3 Qxc5 38. e5 Qd5+ 39. Kh2 d3 40. Rf2 Rxf2+ 41. Qxf2 Rf7 42. Qd2 Qf3 43. Qg2 Qf2 44. Qxf2 Rxf2+ 45. Kg3 Rxb2 46. Kf3 c3 47. Ke3 c2 48. Kd2 c1=Q+ 0-1

[Event "84th Tata Steel Challengers 2022"]
[Site "Wijk aan Zee"]
[Date "2022.01.17"]
[Round "3.1"]
[White "Vogel, Roven"]
[Black "Murzin, Volodar"]
[Result "1/2-1/2"]
[WhiteElo "2452"]
[BlackElo "2519"]
[Annotator "TA"]
[PlyCount "53"]
[EventDate "2022.01.15"]
[EventType "tourn"]
[EventCountry "NED"]
[SourceTitle "playchess.com"]
[Source "ChessBase"]
[SourceQuality "1"]

1. d4 d5 2. c4 c6 3. cxd5 cxd5 4. Nc3 e6 5. Bf4 Bd6 6. Bxd6 Qxd6 7. e3 Ne7 8. Bd3 Nbc6 9. Rc1 Bd7 10. Bb1 O-O 11. Qd3 Ng6 12. Nge2 Rfc8 13. O-O Be8 14. Qd2 Na5 15. b3 Nc6 16. Na4 Nce7 17. Nec3 Bxa4 18. Nxa4 Rxc1 19. Rxc1 Rc8 20. Rxc8+ Nxc8 21. Bxg6 hxg6 22. Qc1 Qd8 23. h3 Ne7 24. Nc5 b6 25. Nd3 g5 26. a4 a5 27. b4 1/2-1/2

[Event "Tata Steel Tienkampen 2023"]
[Site "Wijk aan Zee"]
[Date "2023.01.22"]
[Round "3.1"]
[White "Van der Werf, Mark"]
[Black "Van Dael, Siem"]
[Result "1/2-1/2"]
[WhiteElo "2412"]
[BlackElo "2291"]
[Annotator "TA"]
[PlyCount "106"]
[EventDate "2023.01.20"]
[EventType "swiss"]
[EventCountry "NED"]
[SourceTitle "playchess.com"]
[Source "ChessBase"]
[SourceQuality "1"]

1. d4 Nf6 2. c4 g6 3. Nc3 Bg7 4. e4 d6 5. Nf3 O-O 6. Be2 e5 7. Be3 Ng4 8. Bg5 f6 9. Bh4 Nc6 10. d5 Ne7 11. Nd2 f5 12. Bxg4 fxg4 13. Bg5 h6 14. Be3 c5 15. Rb1 Bd7 16. b4 b6 17. O-O Kh7 18. bxc5 dxc5 19. a4 Nc8 20. a5 Nd6 21. Qb3 Rb8 22. Rb2 Qc7 23. Rfb1 Rb7 24. Qa3 h5 25. Ne2 Rc8 26. Nc3 Rf8 27. Rb3 Bh6 28. Bxh6 Kxh6 29. Ne2 b5 30. cxb5 Bxb5 31. Nc3 a6 32. Nd1 Rf4 33. Qc1 Kh7 34. g3 Rf7 35. Rc3 c4 36. Qa3 Qd8 37. Ne3 Rbc7 38. Rf1 Kg8 39. Qa1 Rf8 40. Qa2 Qc8 41. Qa3 Rf6 42. Qb4 Qf8 43. Ng2 Rcf7 44. Qc5 Qd8 45. Qb6 Qf8 46. Qc5 Kh7 47. Qe3 Kg7 48. Qc5 Qd8 49. Qb6 Qf8 50. Qc5 Kg8 51. Qe3 Kg7 52. Qc5 Kg8 53. Qe3 Rf3 1/2-1/2

[Event "83rd Tata Steel Masters 2021"]
[Site "Wijk aan Zee"]
[Date "2021.01.18"]
[Round "3.2"]
[White "Giri, Anish"]
[Black "Donchenko, Alexander"]
[Result "1/2-1/2"]
[WhiteElo "2764"]
[BlackElo "2668"]
[Annotator "TA"]
[PlyCount "84"]
[EventDate "2021.01.16"]
[EventType "tourn"]
[EventCountry "NED"]
[SourceTitle "playchess.com"]
[Source "ChessBase"]
[SourceQuality "1"]

1. d4 Nf6 2. c4 e6 3. Nc3 Bb4 4. Nf3 O-O 5. Bd2 b6 6. e3 Bxc3 7. Bxc3 Ne4 8. Rc1 Bb7 9. Bd3 d6 10. O-O Nxc3 11. Rxc3 Nd7 12. d5 e5 13. e4 a5 14. Bc2 Nc5 15. g3 c6 16. dxc6 Bxc6 17. Qe2 Qe7 18. Qe3 g6 19. Re1 Rae8 20. b3 Kh8 21. Nh4 Rb8 22. a3 Ne6 23. b4 axb4 24. axb4 Nd4 25. Bd1 Ba8 26. Nf3 Ne6 27. Ra3 f5 28. exf5 Rxf5 29. Nd2 Rf7 30. f4 Nd4 31. fxe5 dxe5 32. Qxe5+ Qxe5 33. Rxe5 Nc6 34. Re1 Nxb4 35. Nf3 Bxf3 36. Rxf3 Rxf3 37. Bxf3 b5 38. cxb5 Rxb5 39. Rb1 Rb8 40. Rd1 Rf8 41. Be4 Na6 42. Rc1 Rf7 1/2-1/2

[Event "85th Tata Steel Masters 2023"]
[Site "Wijk aan Zee"]
[Date "2023.01.16"]
[Round "3.2"]
[White "Gukesh D"]
[Black "Abdusattorov, Nodirbek"]
[Result "1/2-1/2"]
[WhiteElo "2725"]
[BlackElo "2713"]
[Annotator "TA"]
[PlyCount "87"]
[EventDate "2023.01.10"]
[EventType "tourn"]
[EventCountry "NED"]
[SourceTitle "playchess.com"]
[Source "ChessBase"]
[SourceQuality "1"]

1. d4 Nf6 2. c4 e6 3. Nf3 Bb4+ 4. Bd2 Bxd2+ 5. Qxd2 d5 6. g3 O-O 7. Bg2 c6 8. O-O Nbd7 9. Rc1 Qe7 10. Qe3 b6 11. Ne5 Bb7 12. cxd5 Nxd5 13. Qa3 Nxe5 14. Qxe7 Nxe7 15. dxe5 Rad8 16. Nc3 Ba6 17. Kf1 Rd2 18. b3 Rfd8 19. Ke1 g5 20. Be4 Kg7 21. Rd1 Rxd1+ 22. Rxd1 Rxd1+ 23. Nxd1 Ng6 24. Bxg6 Kxg6 25. Ne3 c5 26. Kd2 h5 27. f3 Bb5 28. h3 Ba6 29. g4 h4 30. Nc4 Bxc4 31. bxc4 Kg7 32. a4 Kf8 33. a5 Ke7 34. axb6 axb6 35. Kc3 Kd7 36. Kb3 Kc7 37. Ka4 Kc6 38. e3 Kc7 39. Kb5 Kb7 40. f4 Kc7 41. Ka6 Kc6 42. fxg5 Kc7 43. Ka7 Kc6 44. Ka6 1/2-1/2

[Event "84th Tata Steel Masters 2022"]
[Site "Wijk aan Zee"]
[Date "2022.01.17"]
[Round "3.2"]
[White "Dubov, Daniil"]
[Black "Vidit, Santosh Gujrathi"]
[Result "0-1"]
[WhiteElo "2720"]
[BlackElo "2727"]
[Annotator "TA"]
[PlyCount "74"]
[EventDate "2022.01.15"]
[EventType "tourn"]
[EventCountry "NED"]
[SourceTitle "playchess.com"]
[Source "ChessBase"]
[SourceQuality "1"]

1. e4 e5 2. Nf3 Nc6 3. Bc4 Nf6 4. d3 Bc5 5. c3 d6 6. Bg5 h6 7. Bh4 a5 8. Na3 Bxa3 9. bxa3 Qe7 10. O-O Nb8 11. d4 Nbd7 12. Rb1 g5 13. Bg3 Nxe4 14. Qc2 f5 15. dxe5 dxe5 16. Rfe1 Nxg3 17. hxg3 e4 18. g4 Nc5 19. Nd4 Rf8 20. gxf5 Bxf5 21. Rxb7 Rf6 22. Qb1 Nxb7 23. Qxb7 Rd8 24. Nxf5 Rxf5 25. Rxe4 Rd1+ 26. Kh2 Re5 27. Qc6+ Kd8 28. Qa8+ Kd7 29. Bb5+ Ke6 30. Qc8+ Kf6 31. Qh8+ Kf5 32. f3 Rxe4 33. fxe4+ Kxe4 34. Qa8+ Ke3 35. Bc6 Qe5+ 36. g3 g4 37. Qa7+ Kd2 0-1

[Event "82nd Tata Steel Masters 2020"]
[Site "Wijk aan Zee"]
[Date "2020.01.13"]
[Round "3.2"]
[White "Kovalev, Vladislav"]
[Black "Duda, Jan-Krzysztof"]
[Result "1/2-1/2"]
[WhiteElo "2660"]
[BlackElo "2758"]
[Annotator "TA"]
[PlyCount "64"]
[EventDate "2020.01.11"]
[EventType "tourn"]
[EventCountry "NED"]
[SourceTitle "playchess.com"]
[Source "ChessBase"]
[SourceQuality "1"]

1. e4 c5 2. Nf3 d6 3. Bb5+ Nd7 4. O-O a6 5. Bd3 Ngf6 6. Re1 e6 7. c3 b5 8. a4 c4 9. Bf1 Bb7 10. axb5 axb5 11. Rxa8 Qxa8 12. Na3 b4 13. Nxc4 Bxe4 14. d4 Be7 15. Bf4 Bxf3 16. Qxf3 Qxf3 17. gxf3 d5 18. Nd6+ Kf8 19. Ra1 g5 20. Bg3 bxc3 21. bxc3 Kg7 22. Ra7 Bxd6 23. Bxd6 Rc8 24. Bb5 Nf8 25. Be5 Ng6 26. Bd7 Rxc3 27. Bxe6 Nxe5 28. dxe5 Rc1+ 29. Kg2 Nh5 30. Rxf7+ Kh8 31. Rf8+ Kg7 32. Rf7+ Kh8 1/2-1/2

[Event "84th Tata Steel Challengers 2022"]
[Site "Wijk aan Zee"]
[Date "2022.01.17"]
[Round "3.2"]
[White "Erigaisi Arjun"]
[Black "Dardha, Daniel"]
[Result "1-0"]
[WhiteElo "2629"]
[BlackElo "2533"]
[Annotator "TA"]
[PlyCount "83"]
[EventDate "2022.01.15"]
[EventType "tourn"]
[EventCountry "NED"]
[SourceTitle "playchess.com"]
[Source "ChessBase"]
[SourceQuality "1"]

1. e4 c5 2. Nf3 Nc6 3. d4 cxd4 4. Nxd4 e5 5. Nb5 d6 6. c4 Be7 7. N1c3 a6 8. Na3 Be6 9. Nc2 Bg5 10. Be2 Bxc1 11. Rxc1 Nf6 12. O-O O-O 13. Qd2 Qe7 14. Nd5 Qd8 15. Nc3 Qb6 16. Rfd1 Rac8 17. b3 Rfd8 18. h3 Qa7 19. Bf1 Ne7 20. Ne3 Qb8 21. Qd3 h5 22. h4 Qa7 23. Be2 Kf8 24. Bf3 g6 25. Qd2 Kg7 26. Ne2 b5 27. Ng3 bxc4 28. bxc4 Kh7 29. Rc3 Rc6 30. Nef5 Neg8 31. Qg5 Bxf5 32. exf5 Rcc8 33. Be4 Nxe4 34. Nxe4 Qe7 35. Rg3 Qxg5 36. Nxg5+ Kg7 37. fxg6 Nh6 38. gxf7 Rd7 39. Ne4+ Kf8 40. Rg8+ Nxg8 41. fxg8=Q+ Kxg8 42. Nf6+ 1-0

[Event "85th Tata Steel Challengers 2023"]
[Site "Wijk aan Zee"]
[Date "2023.01.16"]
[Round "3.2"]
[White "Donchenko, Alexander"]
[Black "Adhiban, B.."]
[Result "1/2-1/2"]
[WhiteElo "2627"]
[BlackElo "2610"]
[Annotator "TA"]
[PlyCount "91"]
[EventDate "2023.01.10"]
[EventType "tourn"]
[EventCountry "NED"]
[SourceTitle "playchess.com"]
[Source "ChessBase"]
[SourceQuality "1"]

1. Nf3 c5 2. c4 g6 3. d4 cxd4 4. Nxd4 Bg7 5. e4 Nc6 6. Be3 Qb6 7. Nb5 Qa5+ 8. Bd2 Qd8 9. N1c3 a6 10. Na3 d6 11. Be2 Nd4 12. O-O e5 13. Nc2 Ne7 14. Bg5 h6 15. Bxe7 Nxe2+ 16. Qxe2 Qxe7 17. Nd5 Qd8 18. b4 Be6 19. Nce3 Rc8 20. Rac1 O-O 21. c5 dxc5 22. bxc5 Kh7 23. Qb2 Rb8 24. Rfd1 f5 25. Qb6 Qxb6 26. cxb6 fxe4 27. Rc7 Rf7 28. Kf1 Bf8 29. Rdc1 Bd6 30. Rxf7+ Bxf7 31. Nf6+ Kg7 32. Nxe4 Rd8 33. a4 Kf8 34. Nxd6 Rxd6 35. a5 Ke7 36. Ke2 h5 37. Rc5 e4 38. Re5+ Re6 39. Rc5 Kd6 40. Rd5+ Kc6 41. Rg5 Re8 42. g4 Rh8 43. Re5 Re8 44. Rg5 Rh8 45. Re5 Re8 46. Rg5 1/2-1/2

[Event "Tata Steel Tienkampen 2023"]
[Site "Wijk aan Zee"]
[Date "2023.01.22"]
[Round "3.2"]
[White "Zwirs, Nico"]
[Black "Pham, Khoi"]
[Result "1-0"]
[WhiteElo "2467"]
[BlackElo "2353"]
[Annotator "TA"]
[PlyCount "131"]
[EventDate "2023.01.20"]
[EventType "swiss"]
[EventCountry "NED"]
[SourceTitle "playchess.com"]
[Source "ChessBase"]
[SourceQuality "1"]

1. e4 c5 2. Nf3 Nc6 3. d4 cxd4 4. Nxd4 Nf6 5. Nc3 e5 6. Ndb5 d6 7. Bg5 a6 8. Na3 b5 9. Nab1 Be7 10. Bxf6 Bxf6 11. a4 b4 12. Nd5 Be6 13. Bc4 O-O 14. O-O Bg5 15. c3 Qa5 16. cxb4 Nxb4 17. Nbc3 Rac8 18. b3 Bxd5 19. Nxd5 Nxd5 20. Bxd5 Bd2 21. Qe2 Bc3 22. Rac1 Bd4 23. Bc4 Ra8 24. Rc2 Qb6 25. Rfc1 Bc5 26. Rd1 a5 27. Rd3 g6 28. Qd2 Qd8 29. Bd5 Rc8 30. Rh3 Qf6 31. Rf3 Qg7 32. Rc4 Bb4 33. Qc2 Bc5 34. Qc3 Bb4 35. Qc1 Bc5 36. Qc3 Bb4 37. Qc1 Bc5 38. Qe1 Bb4 39. Qe2 Bc5 40. Qe1 Bb4 41. Qe2 Bc5 42. g3 Kh8 43. Qd2 f5 44. Qxa5 fxe4 45. Rxf8+ Qxf8 46. Qd2 e3 47. fxe3 Qf5 48. Qf2 Rf8 49. Qxf5 Bxe3+ 50. Kf1 gxf5 51. Ke2 Bg1 52. a5 Rb8 53. b4 Kg7 54. Rc7+ Kf6 55. Bb7 d5 56. a6 e4 57. Rc5 Bxc5 58. bxc5 Ke5 59. c6 Kd6 60. a7 Rf8 61. a8=Q Rxa8 62. Bxa8 d4 63. Bb7 Kc7 64. Kd2 h6 65. Kc2 Kb6 66. Kb3 1-0

[Event "84th Tata Steel Masters 2022"]
[Site "Wijk aan Zee"]
[Date "2022.01.17"]
[Round "3.3"]
[White "Caruana, Fabiano"]
[Black "Shankland, Sam"]
[Result "1/2-1/2"]
[WhiteElo "2792"]
[BlackElo "2708"]
[Annotator "TA"]
[PlyCount "139"]
[EventDate "2022.01.15"]
[EventType "tourn"]
[EventCountry "NED"]
[SourceTitle "playchess.com"]
[Source "ChessBase"]
[SourceQuality "1"]

1. e4 e5 2. Nf3 Nc6 3. Bb5 Nf6 4. O-O Nxe4 5. d4 Nd6 6. Bxc6 dxc6 7. dxe5 Nf5 8. Qxd8+ Kxd8 9. h3 Ke8 10. Nc3 h5 11. Bf4 Be7 12. Rad1 Be6 13. b3 Rd8 14. Rxd8+ Bxd8 15. Rd1 Be7 16. g3 Rg8 17. Ng5 Bc8 18. Nce4 c5 19. c3 b6 20. Re1 Bd8 21. f3 Rf8 22. Kf2 Ne7 23. g4 hxg4 24. hxg4 Ng6 25. Bg3 Rh8 26. c4 Nf8 27. Kg2 a5 28. Bf4 Bd7 29. Bd2 a4 30. Nc3 axb3 31. axb3 Bxg5 32. Bxg5 Ne6 33. Be3 Bc6 34. Nd5 g5 35. Rd1 Kf8 36. Kg3 Kg7 37. Ne7 Bb7 38. Nf5+ Kg6 39. Ne7+ Kg7 40. Nf5+ Kg6 41. Re1 f6 42. exf6 Kxf6 43. Bc1 Rd8 44. Bb2+ Kf7 45. Re3 Bc8 46. Be5 Rd2 47. f4 gxf4+ 48. Bxf4 Rd1 49. Be5 Kf8 50. Kf2 Rh1 51. Rd3 Rh7 52. Kg3 Rd7 53. Re3 Rd1 54. Kf2 Rh1 55. Rd3 Rh7 56. Rd1 Bb7 57. Bg3 Be4 58. Re1 Bxf5 59. gxf5 Nd4 60. f6 Rh6 61. Bxc7 Rxf6+ 62. Kg2 Rc6 63. Bf4 Nxb3 64. Re4 Rf6 65. Kg3 Kf7 66. Kg4 Rg6+ 67. Bg5 Na5 68. Re7+ Kf8 69. Rd7 Nxc4 70. Kf5 1/2-1/2

[Event "82nd Tata Steel Masters 2020"]
[Site "Wijk aan Zee"]
[Date "2020.01.13"]
[Round "3.3"]
[White "Anand, Viswanathan"]
[Black "Giri, Anish"]
[Result "1/2-1/2"]
[WhiteElo "2758"]
[BlackElo "2768"]
[Annotator "TA"]
[PlyCount "42"]
[EventDate "2020.01.11"]
[EventType "tourn"]
[EventCountry "NED"]
[SourceTitle "playchess.com"]
[Source "ChessBase"]
[SourceQuality "1"]

1. e4 e5 2. Nf3 Nc6 3. Bb5 Nf6 4. d3 Bc5 5. Bxc6 dxc6 6. Nbd2 Nd7 7. Nc4 f6 8. c3 Nb6 9. Na5 Bd6 10. b4 c5 11. a3 O-O 12. Be3 Nd7 13. O-O b6 14. Nc4 Be7 15. d4 exd4 16. cxd4 cxb4 17. axb4 Kh8 18. Bd2 Nb8 19. d5 f5 20. exf5 Qxd5 21. Ne3 Qd3 1/2-1/2

[Event "85th Tata Steel Masters 2023"]
[Site "Wijk aan Zee"]
[Date "2023.01.16"]
[Round "3.3"]
[White "Maghsoodloo, Parham"]
[Black "Giri, Anish"]
[Result "1/2-1/2"]
[WhiteElo "2719"]
[BlackElo "2764"]
[Annotator "TA"]
[PlyCount "60"]
[EventDate "2023.01.10"]
[EventType "tourn"]
[EventCountry "NED"]
[SourceTitle "playchess.com"]
[Source "ChessBase"]
[SourceQuality "1"]

1. e4 e5 2. Nf3 Nc6 3. Bc4 Nf6 4. d3 Bc5 5. O-O d6 6. c3 a5 7. Re1 O-O 8. h3 Be6 9. Bb5 Ba7 10. d4 Bd7 11. Bg5 h6 12. Bh4 g5 13. Bg3 Re8 14. dxe5 Nxe5 15. Bxd7 Nxf3+ 16. Qxf3 Nxd7 17. Na3 Qf6 18. Qxf6 Nxf6 19. Nb5 Bb6 20. e5 Nh5 21. Bh2 d5 22. Rad1 Rad8 23. Kf1 Ng7 24. f4 gxf4 25. Bxf4 Kh7 26. Be3 Bxe3 27. Rxe3 Nf5 28. Ree1 c6 29. Nd4 Ng3+ 30. Kg1 Ne4 1/2-1/2

[Event "83rd Tata Steel Masters 2021"]
[Site "Wijk aan Zee"]
[Date "2021.01.18"]
[Round "3.3"]
[White "Wojtaszek, Radoslaw"]
[Black "Van Foreest, Jorden"]
[Result "1/2-1/2"]
[WhiteElo "2705"]
[BlackElo "2671"]
[Annotator "TA"]
[PlyCount "79"]
[EventDate "2021.01.16"]
[EventType "tourn"]
[EventCountry "NED"]
[SourceTitle "playchess.com"]
[Source "ChessBase"]
[SourceQuality "1"]

1. d4 d5 2. c4 e6 3. Nf3 Nf6 4. Nc3 c5 5. cxd5 cxd4 6. Qxd4 exd5 7. Bg5 Be7 8. e3 O-O 9. Rd1 Be6 10. Bd3 h6 11. Bh4 Nc6 12. Qa4 Qb6 13. Rd2 Rfd8 14. O-O Rac8 15. h3 a6 16. Rc1 Kf8 17. Bb1 Na5 18. Qd4 Qxd4 19. Nxd4 Nc4 20. Rdc2 b5 21. Nce2 Bd7 22. b3 Ne5 23. Rxc8 Rxc8 24. Rxc8+ Bxc8 25. Bg3 Ng6 26. f3 Bc5 27. Kf2 Ne7 28. Nc1 Ba3 29. Nd3 Nf5 30. Nc2 Nxg3 31. Nxa3 Nh1+ 32. Ke1 Ng3 33. Nc2 Ke7 34. Nd4 Nf5 35. Nf4 Nxd4 36. exd4 b4 37. g4 a5 38. Bd3 Kd6 39. h4 Bd7 40. Kd2 1/2-1/2